|
|
|
|
| LEADER |
00000nab a2200000 a 4500 |
| 001 |
vtls000897964 |
| 003 |
SK-MaSNL |
| 005 |
20260302174725.0 |
| 008 |
040720e19980605xo 0 slo |
| 035 |
|
|
|a KE6985
|
| 040 |
|
|
|a KEVKJB
|b slo
|c KEVKJB
|e AACR2
|
| 041 |
0 |
|
|a slo
|
| 044 |
|
|
|a xo
|c SK
|
| 080 |
|
|
|a 336.12
|2 1981
|
| 100 |
0 |
|
|a nos
|4 aut
|9 879198
|
| 245 |
1 |
0 |
|a Nemárnili čas diskusiami
|b Zasadala mestská rada
|
| 610 |
2 |
7 |
|a Rada mesta Košice
|2 KEVKJB
|9 873866
|
| 650 |
0 |
7 |
|a financie mestské
|2 KEVKJB
|9 873535
|
| 650 |
0 |
7 |
|a program rokovania
|2 KEVKJB
|9 884985
|
| 650 |
0 |
7 |
|a mestské zastupiteľstvá
|2 KEVKJB
|9 70169
|
| 650 |
0 |
7 |
|a informácie
|2 KEVKJB
|9 1285
|
| 651 |
|
7 |
|a Košice (Slovensko)
|2 KEVKJB
|9 18694
|
| 651 |
|
7 |
|a KE,
|2 KEVKJB
|9 877256
|
| 651 |
|
7 |
|a KE,
|2 KEVKJB
|9 877256
|
| 655 |
|
7 |
|a periodikum
|2 snkbucl
|9 29553
|
| 710 |
2 |
|
|a Rada mesta Košice
|4 aut
|9 873866
|
| 773 |
0 |
8 |
|t Košický večer
|g Roč. 9
|g Roč. 30, č.106, 5.6.1998, s. 2
|
| 852 |
|
|
|a ZVYKNI
|b KIS3GCP
|
| 999 |
|
|
|c 1404881
|d 1406811
|